Pan Tadeusz /
Wedi'i Gadw mewn:
| Prif Awdur: | |
|---|---|
| Awdur Corfforaethol: | |
| Awduron Eraill: | , |
| Fformat: | Llyfr |
| Iaith: | Pwyleg |
| Cyhoeddwyd: |
Kraków :
Wydawnictwo Greg,
2003.
|
| Cyfres: | Lektura (Greg)
|
| Pynciau: | |
| Tagiau: |
Dim Tagiau, Byddwch y cyntaf i dagio'r cofnod hwn!
|
MARC
| LEADER | 00000nam a2200000 i 4500 | ||
|---|---|---|---|
| 001 | 9910294515605606 | ||
| 005 | 20260515140228.0 | ||
| 008 | 180423s2003 pl a |001 p pol | ||
| 020 | |a 8373271929 | ||
| 035 | |a 991023765699705066 | ||
| 035 | |a (PL-WaBN)b5924141x-48omnis_nlop | ||
| 035 | |a b5924141x | ||
| 035 | |a (OCoLC)69498722 | ||
| 035 | |a (PL)b0000005924141 | ||
| 040 | |a WA N |c WA N |d WA N | ||
| 080 | |a 821.162.1-1 | ||
| 080 | |a 821.162.1(091)-1"18" | ||
| 080 | |a (075.3) | ||
| 090 | |c 136 |d 135 | ||
| 100 | 1 | |a Mickiewicz, Adam |d (1798-1855) | |
| 245 | 1 | 0 | |a Pan Tadeusz / |c Adam Mickiewicz ; opracowała Barbara Włodarczyk ; [ilustracje Jolanta Adamus Ludwikowska]. |
| 260 | |a Kraków : |b Wydawnictwo Greg, |c 2003. | ||
| 300 | |a [2], 334 strony : |b ilustracje ; |c 21 cm. | ||
| 490 | 1 | |a Lektura : wydanie z opracowaniem | |
| 500 | |a Na stronie tytułowej: Notatki na marginesie, cytaty, które warto znać, streszczenie. | ||
| 504 | |a Indeks. | ||
| 600 | 1 | 7 | |a Mickiewicz, Adam |d (1798-1855). |
| 650 | 7 | |a Epos | |
| 650 | 7 | |a Literatura polska | |
| 650 | 7 | |a Szlachta | |
| 650 | 7 | |a Wojny napoleońskie (1803-1815) | |
| 650 | 7 | |a Zaścianek szlachecki | |
| 651 | 7 | |a Soplicowo (miejsce fikcyjne) | |
| 651 | 7 | |a Litwa | |
| 651 | 7 | |a Polska | |
| 700 | 1 | |a Włodarczyk, Barbara |e Opracowanie | |
| 700 | 1 | |a Ludwikowska, Jolanta |d (1962- ) |e Ilustracje | |
| 710 | 2 | |a Wydawnictwo Greg | |
| 830 | 0 | |a Lektura (Greg) | |
| 920 | |a 83-7327-192-9 | ||
| 942 | |c K | ||
| 952 | |0 0 |1 0 |4 0 |6 R__93_000000000000000 |7 0 |9 127 |a RYT |b RYT |d 2026-05-13 |e 1/2014 |g 10.00 |l 0 |o R.93 |p 2000000000930 |r 2026-05-15 14:02:28 |w 2026-05-15 |y BK |z da | ||
| 999 | |c 127 |d 127 | ||